[Event "World Chess Olympiad 2018"]
[Site "Batumi"]
[Date "2018.09.28"]
[Round "5"]
[Board "4"]
[WhiteFideId "13602071"]
[White "Pantsulaia Levan"]
[BlackFideId "2106981"]
[Black "El Debs Felipe de Cresce"]
[Result "1-0"]
[LiveChessVersion "1.4.8"]
[BlackElo "2542"]
[WhiteElo "2589"]

1. c4 {[%clk 1:30:51]} Nf6 {[%clk 1:30:40]} 2. g3 {[%clk 1:30:34]} e5
{[%clk 1:30:18]} 3. Bg2 {[%clk 1:30:50]} d5 {[%clk 1:30:37]} 4. cxd5
{[%clk 1:31:14]} Nxd5 {[%clk 1:31:00]} 5. Nc3 {[%clk 1:31:21]} Nb6
{[%clk 1:31:23]} 6. Nf3 {[%clk 1:28:41]} Nc6 {[%clk 1:31:39]} 7. d3
{[%clk 1:29:07]} Be7 {[%clk 1:31:54]} 8. a3 {[%clk 1:29:17]} O-O {[%clk 1:32:06]}
9. O-O {[%clk 1:29:40]} Re8 {[%clk 1:32:22]} 10. b4 {[%clk 1:29:30]} Bf8
{[%clk 1:32:31]} 11. Rb1 {[%clk 1:26:01]} Nd4 {[%clk 1:30:10]} 12. Nd2
{[%clk 1:24:26]} c6 {[%clk 1:26:55]} 13. e3 {[%clk 1:18:27]} Nb5 {[%clk 1:26:33]}
14. Qc2 {[%clk 1:16:30]} Nxc3 {[%clk 1:21:34]} 15. Qxc3 {[%clk 1:16:51]} Bg4
{[%clk 1:17:30]} 16. Re1 {[%clk 1:10:09]} Rc8 {[%clk 1:04:44]} 17. Nb3
{[%clk 0:49:35]} Rc7 {[%clk 0:59:39]} 18. h3 {[%clk 0:48:03]} Bf5
{[%clk 0:58:52]} 19. e4 {[%clk 0:48:19]} Bc8 {[%clk 0:56:08]} 20. Be3
{[%clk 0:48:00]} Nd7 {[%clk 0:44:05]} 21. Rbc1 {[%clk 0:43:48]} b6
{[%clk 0:42:13]} 22. d4 {[%clk 0:42:50]} Bb7 {[%clk 0:39:24]} 23. Red1
{[%clk 0:38:39]} Qa8 {[%clk 0:32:26]} 24. f4 {[%clk 0:24:29]} exf4
{[%clk 0:24:33]} 25. gxf4 {[%clk 0:24:31]} c5 {[%clk 0:23:44]} 26. d5
{[%clk 0:23:58]} Nf6 {[%clk 0:23:26]} 27. Nd2 {[%clk 0:15:38]} Rcc8
{[%clk 0:21:19]} 28. bxc5 {[%clk 0:14:57]} Bxc5 {[%clk 0:20:34]} 29. Bxc5
{[%clk 0:15:20]} Rxc5 {[%clk 0:20:49]} 30. Qd4 {[%clk 0:14:28]} Nh5
{[%clk 0:12:04]} 31. Qf2 {[%clk 0:12:10]} f5 {[%clk 0:10:34]} 32. Rxc5
{[%clk 0:10:07]} bxc5 {[%clk 0:10:58]} 33. d6 {[%clk 0:04:55]} fxe4
{[%clk 0:11:02]} 34. Nc4 {[%clk 0:03:26]} Nf6 {[%clk 0:10:30]} 35. d7
{[%clk 0:03:30]} Rd8 {[%clk 0:10:47]} 36. Ne5 {[%clk 0:03:53]} Bd5
{[%clk 0:09:59]} 37. Qxc5 {[%clk 0:04:09]} Qb7 {[%clk 0:09:14]} 38. Qe7
{[%clk 0:02:23]} Qb6+ {[%clk 0:09:27]} 39. Kh2 {[%clk 0:02:22]} Rf8
{[%clk 0:09:39]} 40. Rc1 {[%clk 0:31:16]} Qb8 {[%clk 0:30:35]} 41. Rc5
{[%clk 0:27:03]} Ba2 {[%clk 0:23:52]} 42. Bxe4 {[%clk 0:24:57]} Kh8
{[%clk 0:23:23]} 43. Rb5 {[%clk 0:23:05]} Qd8 {[%clk 0:22:57]} 44. Qxd8
{[%clk 0:23:19]} Rxd8 {[%clk 0:23:23]} 45. Bf5 {[%clk 0:23:20]} 1-0

[Event "World Chess Olympiad 2018"]
[Site "Batumi"]
[Date "2018.09.28"]
[Round "5"]
[Board "1"]
[WhiteFideId "7200595"]
[White "Ziska Helgi Dam"]
[BlackFideId "3208923"]
[Black "Smirnov Anton"]
[Result "1/2-1/2"]
[LiveChessVersion "1.4.8"]
[BlackElo "2549"]
[WhiteElo "2550"]

1. e4 {[%clk 1:30:52]} e5 {[%clk 1:30:53]} 2. Nf3 {[%clk 1:30:44]} Nf6
{[%clk 1:31:17]} 3. Nxe5 {[%clk 1:30:31]} d6 {[%clk 1:31:40]} 4. Nf3
{[%clk 1:30:55]} Nxe4 {[%clk 1:32:06]} 5. d4 {[%clk 1:30:19]} d5 {[%clk 1:32:31]}
6. Bd3 {[%clk 1:30:35]} Bd6 {[%clk 1:32:55]} 7. O-O {[%clk 1:30:35]} O-O
{[%clk 1:33:20]} 8. c4 {[%clk 1:30:35]} c6 {[%clk 1:33:45]} 9. Re1
{[%clk 1:29:40]} Bf5 {[%clk 1:33:54]} 10. Qb3 {[%clk 1:27:59]} Na6
{[%clk 1:33:51]} 11. cxd5 {[%clk 1:14:33]} cxd5 {[%clk 1:33:34]} 12. Be3
{[%clk 1:12:55]} Nb4 {[%clk 1:27:11]} 13. Bf1 {[%clk 1:10:58]} Rc8
{[%clk 1:13:13]} 14. Na3 {[%clk 1:10:02]} Qa5 {[%clk 1:07:50]} 15. Nd2
{[%clk 0:53:01]} Qb6 {[%clk 0:54:37]} 16. Nxe4 {[%clk 0:47:58]} Bxe4
{[%clk 0:54:58]} 17. Rec1 {[%clk 0:39:17]} Bc2 {[%clk 0:31:23]} 18. Nxc2
{[%clk 0:38:53]} Nxc2 {[%clk 0:31:50]} 19. Qxb6 {[%clk 0:38:09]} axb6
{[%clk 0:32:15]} 20. Rab1 {[%clk 0:38:26]} Nxe3 {[%clk 0:29:55]} 21. fxe3
{[%clk 0:38:33]} Bb4 {[%clk 0:27:02]} 22. Kf2 {[%clk 0:36:56]} Bd2
{[%clk 0:24:43]} 23. Rd1 {[%clk 0:33:45]} Bb4 {[%clk 0:25:09]} 24. a3
{[%clk 0:29:06]} Bd6 {[%clk 0:22:58]} 25. Rbc1 {[%clk 0:28:27]} f5
{[%clk 0:23:08]} 26. Rxc8 {[%clk 0:21:05]} Rxc8 {[%clk 0:23:31]} 27. Bd3
{[%clk 0:21:28]} g6 {[%clk 0:23:41]} 28. h3 {[%clk 0:20:59]} Kf7 {[%clk 0:22:57]}
29. Ke2 {[%clk 0:19:50]} h5 {[%clk 0:22:19]} 30. Kd2 {[%clk 0:18:44]} Kf6
{[%clk 0:22:04]} 31. Rc1 {[%clk 0:17:57]} Rxc1 {[%clk 0:22:27]} 1/2-1/2

[Event "World Chess Olympiad 2018"]
[Site "Batumi"]
[Date "2018.09.28"]
[Round "5"]
[Board "2"]
[WhiteFideId "3202534"]
[White "Zhao Zong-Yuan"]
[BlackFideId "7200013"]
[Black "Rodgaard John"]
[Result "1-0"]
[LiveChessVersion "1.4.8"]
[BlackElo "2331"]
[WhiteElo "2523"]

1. e4 {[%clk 1:30:56]} e6 {[%clk 1:30:25]} 2. d4 {[%clk 1:31:17]} d5
{[%clk 1:30:49]} 3. Nc3 {[%clk 1:31:44]} Bb4 {[%clk 1:30:50]} 4. e5
{[%clk 1:32:09]} Ne7 {[%clk 1:30:44]} 5. a3 {[%clk 1:32:10]} Bxc3+
{[%clk 1:31:06]} 6. bxc3 {[%clk 1:32:39]} c5 {[%clk 1:31:02]} 7. Qg4
{[%clk 1:32:55]} Kf8 {[%clk 1:28:12]} 8. a4 {[%clk 1:31:33]} b6 {[%clk 1:17:07]}
9. a5 {[%clk 1:26:00]} Ba6 {[%clk 1:13:54]} 10. axb6 {[%clk 1:13:43]} axb6
{[%clk 1:13:57]} 11. Nf3 {[%clk 1:13:52]} Qc8 {[%clk 0:58:32]} 12. dxc5
{[%clk 1:06:33]} bxc5 {[%clk 0:51:04]} 13. Bd3 {[%clk 0:46:08]} Nd7
{[%clk 0:46:51]} 14. O-O {[%clk 0:41:15]} h6 {[%clk 0:41:35]} 15. Be3
{[%clk 0:27:27]} Bxd3 {[%clk 0:21:39]} 16. cxd3 {[%clk 0:27:43]} Ng6
{[%clk 0:19:30]} 17. c4 {[%clk 0:21:35]} Qc6 {[%clk 0:13:34]} 18. cxd5
{[%clk 0:17:55]} Qxd5 {[%clk 0:13:50]} 19. Rxa8+ {[%clk 0:17:26]} Qxa8
{[%clk 0:14:17]} 20. d4 {[%clk 0:17:20]} Kg8 {[%clk 0:09:23]} 21. dxc5
{[%clk 0:16:16]} Ndxe5 {[%clk 0:09:42]} 22. Nxe5 {[%clk 0:16:21]} Nxe5
{[%clk 0:10:10]} 23. Qd4 {[%clk 0:14:33]} f6 {[%clk 0:08:11]} 24. Bf4
{[%clk 0:13:08]} Nc6 {[%clk 0:07:11]} 25. Qd7 {[%clk 0:11:36]} e5
{[%clk 0:07:14]} 26. Be3 {[%clk 0:11:28]} Kf8 {[%clk 0:02:05]} 27. Rd1
{[%clk 0:07:19]} Qe8 {[%clk 0:02:06]} 28. Qb7 {[%clk 0:06:08]} Ne7
{[%clk 0:01:12]} 29. Rd7 {[%clk 0:05:12]} Kf7 {[%clk 0:01:32]} 30. c6
{[%clk 0:05:35]} Ke6 {[%clk 0:01:28]} 31. g4 {[%clk 0:04:06]} f5 {[%clk 0:01:36]}
32. Qb3+ {[%clk 0:04:16]} 1-0

[Event "World Chess Olympiad 2018"]
[Site "Batumi"]
[Date "2018.09.28"]
[Round "5"]
[Board "3"]
[WhiteFideId "7200420"]
[White "Berg Olaf"]
[BlackFideId "3205207"]
[Black "Illingworth Max"]
[Result "1/2-1/2"]
[LiveChessVersion "1.4.8"]
[BlackElo "2512"]
[WhiteElo "2248"]

1. b3 {[%clk 1:30:52]} e5 {[%clk 1:30:33]} 2. Bb2 {[%clk 1:31:09]} Nc6
{[%clk 1:30:57]} 3. e3 {[%clk 1:30:50]} Nf6 {[%clk 1:31:21]} 4. d4
{[%clk 1:29:12]} exd4 {[%clk 1:31:42]} 5. exd4 {[%clk 1:29:33]} d5
{[%clk 1:32:08]} 6. Nf3 {[%clk 1:28:00]} Bb4+ {[%clk 1:31:46]} 7. c3
{[%clk 1:26:55]} Bd6 {[%clk 1:32:11]} 8. Bd3 {[%clk 1:25:06]} O-O
{[%clk 1:32:34]} 9. O-O {[%clk 1:24:11]} Bg4 {[%clk 1:32:58]} 10. Nbd2
{[%clk 1:22:29]} Nh5 {[%clk 1:28:25]} 11. Qc2 {[%clk 1:08:41]} Kh8
{[%clk 1:28:37]} 12. Bf5 {[%clk 0:56:08]} Bxf5 {[%clk 1:28:34]} 13. Qxf5
{[%clk 0:56:34]} g6 {[%clk 1:28:37]} 14. Qc2 {[%clk 0:56:07]} Qd7
{[%clk 1:25:40]} 15. c4 {[%clk 0:47:03]} Nb4 {[%clk 1:24:31]} 16. Qd1
{[%clk 0:41:37]} Rae8 {[%clk 1:23:02]} 17. Ne5 {[%clk 0:38:33]} Qd8
{[%clk 1:17:42]} 18. a3 {[%clk 0:29:24]} Nc6 {[%clk 1:16:32]} 19. Ndf3
{[%clk 0:26:59]} f6 {[%clk 1:09:25]} 20. Ng4 {[%clk 0:22:29]} Qd7
{[%clk 1:05:50]} 21. Ne3 {[%clk 0:21:29]} Ne7 {[%clk 1:05:59]} 22. Ne5
{[%clk 0:20:36]} Qe6 {[%clk 1:02:32]} 23. Nd3 {[%clk 0:15:19]} Qf7
{[%clk 0:58:09]} 24. Nc5 {[%clk 0:09:26]} b6 {[%clk 0:58:04]} 25. Nd7
{[%clk 0:09:33]} Rg8 {[%clk 0:57:50]} 26. Ne5 {[%clk 0:08:19]} Qe6
{[%clk 0:56:11]} 27. Qg4 {[%clk 0:07:22]} Qxg4 {[%clk 0:54:59]} 28. N5xg4
{[%clk 0:07:09]} c6 {[%clk 0:55:00]} 29. g3 {[%clk 0:06:31]} Rgf8
{[%clk 0:54:35]} 30. Rfe1 {[%clk 0:05:18]} Ng7 {[%clk 0:54:23]} 31. cxd5
{[%clk 0:04:44]} cxd5 {[%clk 0:54:03]} 32. Nc2 {[%clk 0:04:30]} h5
{[%clk 0:50:23]} 33. Nge3 {[%clk 0:04:56]} a5 {[%clk 0:49:23]} 34. a4
{[%clk 0:03:55]} Ngf5 {[%clk 0:48:51]} 35. Nxf5 {[%clk 0:02:50]} Nxf5
{[%clk 0:44:35]} 36. Rxe8 {[%clk 0:01:04]} Rxe8 {[%clk 0:45:00]} 37. Re1
{[%clk 0:00:34]} Rc8 {[%clk 0:45:21]} 38. Re2 {[%clk 0:00:39]} Kg7
{[%clk 0:45:42]} 39. Kf1 {[%clk 0:00:36]} g5 {[%clk 0:45:22]} 40. Ne3
{[%clk 0:30:34]} Ne7 {[%clk 1:15:22]} 41. Rc2 {[%clk 0:30:28]} Rf8
{[%clk 1:14:37]} 42. Nd1 {[%clk 0:26:30]} Kf7 {[%clk 1:13:06]} 43. Nc3
{[%clk 0:21:38]} Rc8 {[%clk 1:13:25]} 44. Rc1 {[%clk 0:21:19]} Ke6
{[%clk 1:12:49]} 45. Ke2 {[%clk 0:17:09]} g4 {[%clk 1:11:28]} 46. Nb5
{[%clk 0:16:19]} Rxc1 {[%clk 1:10:25]} 47. Bxc1 {[%clk 0:16:45]} Nf5
{[%clk 1:10:47]} 48. f3 {[%clk 0:14:25]} Kd7 {[%clk 1:10:45]} 49. fxg4
{[%clk 0:11:26]} hxg4 {[%clk 1:11:09]} 50. Kf2 {[%clk 0:11:13]} Ke6
{[%clk 1:10:44]} 51. Kg2 {[%clk 0:10:48]} Bb8 {[%clk 1:10:47]} 52. Bd2
{[%clk 0:10:57]} Ne7 {[%clk 1:08:30]} 53. Kf2 {[%clk 0:07:02]} Kf5
{[%clk 1:08:24]} 54. Ke3 {[%clk 0:07:06]} Nc6 {[%clk 1:08:06]} 55. Kd3
{[%clk 0:06:51]} Nd8 {[%clk 1:07:30]} 56. b4 {[%clk 0:05:41]} axb4
{[%clk 1:07:46]} 57. Bxb4 {[%clk 0:06:09]} Ke6 {[%clk 1:08:07]} 58. Bd2
{[%clk 0:05:51]} Kd7 {[%clk 1:08:01]} 59. Nc3 {[%clk 0:05:41]} Ke6
{[%clk 1:07:54]} 60. Nd1 {[%clk 0:05:14]} f5 {[%clk 1:07:36]} 61. a5
{[%clk 0:04:35]} bxa5 {[%clk 1:05:31]} 62. Bxa5 {[%clk 0:05:00]} Nb7
{[%clk 1:05:34]} 63. Bb4 {[%clk 0:04:16]} f4 {[%clk 1:05:50]} 64. Be1
{[%clk 0:02:35]} Nd8 {[%clk 1:04:06]} 65. gxf4 {[%clk 0:02:26]} Bxf4
{[%clk 1:04:30]} 66. Bg3 {[%clk 0:02:11]} Bg5 {[%clk 1:04:52]} 67. Nf2
{[%clk 0:01:50]} Kf5 {[%clk 1:05:16]} 68. h3 {[%clk 0:01:31]} gxh3
{[%clk 1:05:41]} 69. Nxh3 {[%clk 0:01:51]} Bh6 {[%clk 1:06:06]} 70. Nf2
{[%clk 0:02:03]} Nc6 {[%clk 1:06:33]} 71. Nd1 {[%clk 0:02:06]} Kg4
{[%clk 1:06:59]} 72. Bd6 {[%clk 0:01:58]} 1/2-1/2

[Event "World Chess Olympiad 2018"]
[Site "Batumi"]
[Date "2018.09.28"]
[Round "5"]
[Board "4"]
[WhiteFideId "3205800"]
[White "Morris James"]
[BlackFideId "7200315"]
[Black "Poulsen Martin"]
[Result "1-0"]
[LiveChessVersion "1.4.8"]
[BlackElo "2239"]
[WhiteElo "2494"]

1. e4 {[%clk 1:30:56]} d5 {[%clk 1:30:34]} 2. exd5 {[%clk 1:31:14]} Qxd5
{[%clk 1:30:59]} 3. Nc3 {[%clk 1:31:37]} Qd6 {[%clk 1:29:10]} 4. d4
{[%clk 1:32:02]} Nf6 {[%clk 1:28:28]} 5. Nf3 {[%clk 1:30:24]} Bg4
{[%clk 1:21:31]} 6. h3 {[%clk 1:26:35]} Bxf3 {[%clk 1:08:35]} 7. Qxf3
{[%clk 1:25:11]} c6 {[%clk 1:02:48]} 8. Be3 {[%clk 1:15:29]} e6 {[%clk 0:55:38]}
9. O-O-O {[%clk 1:13:52]} Nbd7 {[%clk 0:53:32]} 10. Kb1 {[%clk 1:11:39]} Qc7
{[%clk 0:42:07]} 11. g4 {[%clk 1:10:31]} Nd5 {[%clk 0:35:07]} 12. Bd2
{[%clk 1:03:24]} Bd6 {[%clk 0:30:08]} 13. Ne4 {[%clk 1:03:09]} b5
{[%clk 0:26:01]} 14. g5 {[%clk 0:58:45]} Bf4 {[%clk 0:18:50]} 15. Be1
{[%clk 0:58:12]} Rb8 {[%clk 0:16:44]} 16. h4 {[%clk 0:57:32]} h5 {[%clk 0:12:16]}
17. g6 {[%clk 0:53:54]} f5 {[%clk 0:12:09]} 18. Ng5 {[%clk 0:52:42]} Bxg5
{[%clk 0:09:28]} 19. hxg5 {[%clk 0:53:08]} Qf4 {[%clk 0:09:23]} 20. Qe2
{[%clk 0:52:40]} Nf8 {[%clk 0:04:18]} 21. Rxh5 {[%clk 0:45:06]} Rg8
{[%clk 0:04:44]} 22. a4 {[%clk 0:26:41]} Qd6 {[%clk 0:04:42]} 23. axb5
{[%clk 0:24:02]} Nf4 {[%clk 0:03:25]} 24. Qf3 {[%clk 0:24:30]} Nxh5
{[%clk 0:03:26]} 25. Qxh5 {[%clk 0:24:58]} cxb5 {[%clk 0:03:29]} 26. d5
{[%clk 0:18:22]} exd5 {[%clk 0:02:42]} 27. Bxb5+ {[%clk 0:18:15]} Ke7
{[%clk 0:02:09]} 28. Qf3 {[%clk 0:13:19]} d4 {[%clk 0:01:03]} 29. Qxf5
{[%clk 0:11:41]} Nxg6 {[%clk 0:00:32]} 30. Qe4+ {[%clk 0:12:07]} Qe5
{[%clk 0:00:38]} 31. Bb4+ {[%clk 0:12:31]} Kf7 {[%clk 0:00:36]} 32. Bc4+
{[%clk 0:12:50]} Ke8 {[%clk 0:00:53]} 33. Qxg6+ {[%clk 0:13:17]} Kd7
{[%clk 0:01:02]} 34. Rxd4+ {[%clk 0:12:07]} Qxd4 {[%clk 0:01:18]} 35. Qe6+
{[%clk 0:12:35]} Kc7 {[%clk 0:00:43]} 36. Ba5+ {[%clk 0:13:02]} Rb6
{[%clk 0:00:48]} 37. Bxb6+ {[%clk 0:13:29]} axb6 {[%clk 0:01:03]} 38. Qxg8
{[%clk 0:13:55]} Qd1+ {[%clk 0:01:13]} 39. Ka2 {[%clk 0:14:23]} Qxc2
{[%clk 0:01:35]} 40. Qxg7+ {[%clk 0:44:47]} Kd8 {[%clk 0:31:39]} 41. Qf6+
{[%clk 0:45:10]} Kc7 {[%clk 0:31:55]} 42. Bb3 {[%clk 0:45:34]} Qe2
{[%clk 0:32:10]} 43. Qf4+ {[%clk 0:45:27]} 1-0

[Event "World Chess Olympiad 2018"]
[Site "Batumi"]
[Date "2018.09.28"]
[Round "5"]
[Board "1"]
[WhiteFideId "4300106"]
[White "Dive Russell John"]
[BlackFideId "2500914"]
[Black "Baburin Alexander"]
[Result "0-1"]
[LiveChessVersion "1.4.8"]
[BlackElo "2452"]
[WhiteElo "2297"]

1. d4 {[%clk 1:30:57]} d5 {[%clk 1:30:52]} 2. c4 {[%clk 1:31:21]} e6
{[%clk 1:27:42]} 3. Nc3 {[%clk 1:31:44]} Nf6 {[%clk 1:27:57]} 4. cxd5
{[%clk 1:31:38]} exd5 {[%clk 1:28:21]} 5. Bg5 {[%clk 1:32:02]} c6
{[%clk 1:28:09]} 6. Qc2 {[%clk 1:32:12]} Be7 {[%clk 1:27:48]} 7. e3
{[%clk 1:31:58]} Nbd7 {[%clk 1:27:36]} 8. Bd3 {[%clk 1:32:09]} O-O
{[%clk 1:27:53]} 9. Nf3 {[%clk 1:32:33]} Re8 {[%clk 1:28:12]} 10. O-O
{[%clk 1:32:55]} Nf8 {[%clk 1:28:34]} 11. Rab1 {[%clk 1:33:10]} Ng6
{[%clk 1:21:14]} 12. Bxf6 {[%clk 1:18:21]} Bxf6 {[%clk 1:21:03]} 13. b4
{[%clk 1:18:44]} a6 {[%clk 1:20:25]} 14. a4 {[%clk 1:19:06]} Be7 {[%clk 1:13:48]}
15. b5 {[%clk 1:16:55]} axb5 {[%clk 1:08:48]} 16. axb5 {[%clk 1:16:46]} Bd6
{[%clk 1:08:42]} 17. bxc6 {[%clk 1:11:37]} bxc6 {[%clk 1:08:23]} 18. Rfc1
{[%clk 1:09:46]} Bg4 {[%clk 0:46:32]} 19. Nd2 {[%clk 1:06:52]} Qg5
{[%clk 0:41:21]} 20. Nf1 {[%clk 0:59:29]} h5 {[%clk 0:36:03]} 21. Ne2
{[%clk 0:44:01]} Ne7 {[%clk 0:32:06]} 22. Kh1 {[%clk 0:41:09]} h4
{[%clk 0:28:46]} 23. h3 {[%clk 0:39:01]} Be6 {[%clk 0:25:31]} 24. Ng1
{[%clk 0:33:43]} Rac8 {[%clk 0:21:01]} 25. Rb6 {[%clk 0:31:53]} Red8
{[%clk 0:18:23]} 26. Ba6 {[%clk 0:25:27]} Rb8 {[%clk 0:10:54]} 27. Rcb1
{[%clk 0:21:30]} Rxb6 {[%clk 0:09:00]} 28. Rxb6 {[%clk 0:21:58]} Qf6
{[%clk 0:08:54]} 29. Bd3 {[%clk 0:18:51]} g6 {[%clk 0:08:45]} 30. Nh2
{[%clk 0:11:32]} Ra8 {[%clk 0:08:32]} 31. Ra6 {[%clk 0:11:34]} Rxa6
{[%clk 0:05:22]} 32. Bxa6 {[%clk 0:12:01]} Bf5 {[%clk 0:05:28]} 33. Bd3
{[%clk 0:11:32]} Bxd3 {[%clk 0:05:32]} 34. Qxd3 {[%clk 0:11:45]} Bxh2
{[%clk 0:04:19]} 35. Kxh2 {[%clk 0:12:07]} Qxf2 {[%clk 0:04:46]} 36. e4
{[%clk 0:07:26]} Qf4+ {[%clk 0:05:03]} 37. Kh1 {[%clk 0:05:48]} dxe4
{[%clk 0:05:11]} 38. Qd1 {[%clk 0:04:20]} Nf5 {[%clk 0:05:04]} 39. Ne2
{[%clk 0:04:43]} Qf2 {[%clk 0:04:54]} 40. Kh2 {[%clk 0:32:21]} Ne3
{[%clk 0:34:52]} 0-1

[Event "World Chess Olympiad 2018"]
[Site "Batumi"]
[Date "2018.09.28"]
[Round "5"]
[Board "2"]
[WhiteFideId "2501430"]
[White "Astaneh Lopez Alex"]
[BlackFideId "405647"]
[Black "Hague Ben"]
[Result "1/2-1/2"]
[LiveChessVersion "1.4.8"]
[BlackElo "2405"]
[WhiteElo "2433"]

1. d4 {[%clk 1:30:55]} Nf6 {[%clk 1:30:52]} 2. c4 {[%clk 1:31:20]} e6
{[%clk 1:31:18]} 3. g3 {[%clk 1:31:47]} d5 {[%clk 1:31:15]} 4. Bg2
{[%clk 1:32:12]} dxc4 {[%clk 1:31:03]} 5. Qa4+ {[%clk 1:32:36]} Nbd7
{[%clk 1:30:45]} 6. Qxc4 {[%clk 1:33:00]} a6 {[%clk 1:28:44]} 7. Be3
{[%clk 1:33:20]} Bd6 {[%clk 1:22:41]} 8. Nh3 {[%clk 1:26:35]} O-O
{[%clk 1:18:31]} 9. O-O {[%clk 1:26:13]} Rb8 {[%clk 1:11:26]} 10. Rd1
{[%clk 1:21:31]} Qe7 {[%clk 1:08:28]} 11. Qc2 {[%clk 1:05:00]} b5
{[%clk 0:58:51]} 12. Nc3 {[%clk 0:59:52]} Nb6 {[%clk 0:52:36]} 13. Ng5
{[%clk 0:58:13]} Nc4 {[%clk 0:44:27]} 14. Bc1 {[%clk 0:57:32]} c5
{[%clk 0:43:10]} 15. dxc5 {[%clk 0:51:46]} Bxc5 {[%clk 0:43:10]} 16. Nce4
{[%clk 0:42:18]} Nxe4 {[%clk 0:42:41]} 17. Nxe4 {[%clk 0:40:56]} Ba7
{[%clk 0:36:47]} 18. b3 {[%clk 0:39:26]} Nb6 {[%clk 0:34:00]} 19. Ng5
{[%clk 0:27:11]} f5 {[%clk 0:28:15]} 20. Be3 {[%clk 0:26:33]} h6 {[%clk 0:24:43]}
21. Nf3 {[%clk 0:21:28]} Bb7 {[%clk 0:22:26]} 22. Qb2 {[%clk 0:09:22]} Rfd8
{[%clk 0:20:05]} 23. h4 {[%clk 0:08:35]} Be4 {[%clk 0:17:24]} 24. Rac1
{[%clk 0:05:55]} Rbc8 {[%clk 0:16:06]} 25. Ne1 {[%clk 0:02:16]} Bxg2
{[%clk 0:15:21]} 26. Nxg2 {[%clk 0:02:34]} Nd5 {[%clk 0:15:26]} 27. Bxa7
{[%clk 0:01:11]} Qxa7 {[%clk 0:15:50]} 28. Qe5 {[%clk 0:01:21]} Qf7
{[%clk 0:15:32]} 29. Ne1 {[%clk 0:00:40]} Nf6 {[%clk 0:12:28]} 30. Rxd8+
{[%clk 0:00:48]} Rxd8 {[%clk 0:12:52]} 31. Nd3 {[%clk 0:01:12]} Ng4
{[%clk 0:12:42]} 32. Qc7 {[%clk 0:01:30]} Qxc7 {[%clk 0:05:42]} 33. Rxc7
{[%clk 0:01:56]} e5 {[%clk 0:06:07]} 34. Rc6 {[%clk 0:01:21]} g5 {[%clk 0:04:45]}
35. hxg5 {[%clk 0:01:26]} hxg5 {[%clk 0:05:11]} 36. Rg6+ {[%clk 0:01:08]} Kf7
{[%clk 0:05:23]} 37. Rxg5 {[%clk 0:01:35]} Kf6 {[%clk 0:05:47]} 38. Rh5
{[%clk 0:01:51]} e4 {[%clk 0:05:45]} 39. Nf4 {[%clk 0:02:12]} Rd2
{[%clk 0:06:01]} 40. a4 {[%clk 0:31:49]} bxa4 {[%clk 0:34:21]} 41. bxa4
{[%clk 0:30:06]} Ra2 {[%clk 0:32:48]} 42. Rh8 {[%clk 0:26:41]} Rxa4
{[%clk 0:31:56]} 43. Rf8+ {[%clk 0:26:19]} Ke5 {[%clk 0:29:14]} 44. Ng6+
{[%clk 0:25:57]} Ke6 {[%clk 0:29:27]} 45. Nf4+ {[%clk 0:24:03]} Ke5
{[%clk 0:29:49]} 46. Ng6+ {[%clk 0:20:19]} Ke6 {[%clk 0:30:04]} 47. Nf4+ 1/2-1/2

[Event "World Chess Olympiad 2018"]
[Site "Batumi"]
[Date "2018.09.28"]
[Round "5"]
[Board "3"]
[WhiteFideId "4300084"]
[White "Ker Anthony F"]
[BlackFideId "2504243"]
[Black "O`Donnell Conor"]
[Result "1/2-1/2"]
[LiveChessVersion "1.4.8"]
[BlackElo "2360"]
[WhiteElo "2315"]

1. e4 {[%clk 1:30:55]} c6 {[%clk 1:30:51]} 2. c4 {[%clk 1:31:16]} d5
{[%clk 1:31:00]} 3. cxd5 {[%clk 1:31:32]} cxd5 {[%clk 1:31:24]} 4. exd5
{[%clk 1:31:55]} Nf6 {[%clk 1:31:49]} 5. Nc3 {[%clk 1:32:06]} Nxd5
{[%clk 1:31:22]} 6. Nf3 {[%clk 1:32:14]} g6 {[%clk 1:30:42]} 7. Bc4
{[%clk 1:22:18]} Nb6 {[%clk 1:24:37]} 8. Bb3 {[%clk 1:22:06]} Bg7
{[%clk 1:24:40]} 9. a4 {[%clk 1:17:39]} O-O {[%clk 1:20:12]} 10. a5
{[%clk 1:11:50]} N6d7 {[%clk 1:20:28]} 11. d4 {[%clk 1:11:45]} Nc6
{[%clk 1:18:50]} 12. a6 {[%clk 1:09:56]} bxa6 {[%clk 1:16:54]} 13. O-O
{[%clk 1:09:22]} Nb6 {[%clk 1:09:35]} 14. Be3 {[%clk 1:05:26]} Bb7
{[%clk 1:03:53]} 15. Re1 {[%clk 1:03:53]} Nb4 {[%clk 0:48:19]} 16. Bg5
{[%clk 0:55:13]} Nc8 {[%clk 0:38:41]} 17. Ne4 {[%clk 0:51:59]} Bd5
{[%clk 0:36:07]} 18. Nc5 {[%clk 0:47:54]} Rb8 {[%clk 0:32:13]} 19. Bxd5
{[%clk 0:39:52]} Qxd5 {[%clk 0:29:17]} 20. Bxe7 {[%clk 0:35:46]} Nxe7
{[%clk 0:26:50]} 21. Rxe7 {[%clk 0:36:11]} Rfd8 {[%clk 0:14:09]} 22. Nb3
{[%clk 0:20:12]} Nc6 {[%clk 0:10:17]} 23. Re3 {[%clk 0:20:34]} Rb6
{[%clk 0:09:10]} 24. Rc1 {[%clk 0:19:27]} Rb5 {[%clk 0:04:03]} 25. Rcc3
{[%clk 0:17:23]} Rdb8 {[%clk 0:02:38]} 26. Qc2 {[%clk 0:15:11]} R5b6
{[%clk 0:02:35]} 27. Rc5 {[%clk 0:14:33]} Qd6 {[%clk 0:01:50]} 28. Rec3
{[%clk 0:12:16]} Nb4 {[%clk 0:01:20]} 29. Rc8+ {[%clk 0:11:40]} Bf8
{[%clk 0:01:36]} 30. Qe4 {[%clk 0:07:29]} Nd5 {[%clk 0:01:00]} 31. Rxb8
{[%clk 0:07:46]} Rxb8 {[%clk 0:00:48]} 32. Rd3 {[%clk 0:07:20]} Nf4
{[%clk 0:00:40]} 33. Re3 {[%clk 0:07:04]} Nd5 {[%clk 0:00:42]} 34. Rd3
{[%clk 0:07:31]} Nb4 {[%clk 0:00:47]} 35. Rc3 {[%clk 0:07:25]} Nd5
{[%clk 0:00:39]} 1/2-1/2